América Central en los noventa: problemas de juventud. I. América Central: políticas, problemas e instituciones juveniles /

Gespeichert in:
Bibliographische Detailangaben
1. Verfasser: Ramos, Carlos Guillermo
Format: Unbekannt
Veröffentlicht: San Salvador: FLACSO. Programa El Salvador
Tags: Tag hinzufügen
Keine Tags, Fügen Sie den ersten Tag hinzu!

MARC

LEADER 00000 a2200000 04500
001 11959
003
008 991231s d
040
090 |a 141302  
100 |a Ramos, Carlos Guillermo  
245 |a América Central en los noventa: problemas de juventud. I. América Central: políticas, problemas e instituciones juveniles /  |c Carlos Guillermo Ramos 
260 |a San Salvador:   |b FLACSO. Programa El Salvador  
300 |a 231 p.  
700 |a   
700 |a   
999 |c 1055  |d 1055